000 00952nam0a22002771 4500
001 rc\4660087
005 20250611135658.0
021 _aRU
_b68-12410
021 _aRU
_bРг2161-68
035 _a(NLR Aleph) 008216706
090 _a8130367
_c8130367
100 _a20130416d1968 |||y0rusy50 ca
101 1 _arus
_ccze
102 _aRU
105 _ay z |||a|
200 1 _aПриключения Вихрастика
_eПьеса в 3 д. для детей мл. школьного возраста
_fПер. с чеш. и сцен. ред. С. Ефремова
_gОтд. распространения драм. произведений ВУОАП
210 _aМосква
_cБ. и.
_d1968
215 _a27 л.
_d28
300 _aОтпеч...
700 1 _aПегр
_bЙ.
_gЙозеф
702 1 _aЕфремов
_bС.
_4730
_4340
801 0 _aRU
_bNLR
_gpsbo
801 1 _aRU
_bELAR
_2rusmarc
852 _aNLR
_j68-8/439
942 _cBOOK
980 _aNB